| 000 | 00923nam a2200289 a 4500 | ||
|---|---|---|---|
| 001 | 000109788 | ||
| 003 | CHAP | ||
| 005 | 20220329144104.0 | ||
| 008 | 140528s2012 mx d |rm |0|||||spa d | ||
| 010 | _a106250 | ||
| 011 | _a107222 | ||
| 040 | _cCHAP | ||
| 090 | _aTesis | ||
| 100 | 1 |
_aApáez Barrios, Jairo _9127108 |
|
| 245 | 1 | 0 |
_aEvaluación de un probiótico natural (tepache) sobre el comportamiento productivo de pollos de engorda / _cpor Jairo Apáez Barrios. |
| 260 |
_aCocula, Gro. : _bEl autor, _c2012. |
||
| 300 |
_aiv, 45 h. : _bgráfs. |
||
| 502 | _aTesis (Ing. Agr. Zootecnista) -- CSAEGRO | ||
| 590 |
_aE5652GLJ _b05 _c20140528 _lUCH01 _h1156 |
||
| 650 | 1 | 4 |
_aAvicultura _xMejoramiento. _98736 |
| 650 | 1 | 4 |
_aPollos _xAlimentación. _990268 |
| 650 | 1 | 4 |
_aPollos _xEngorda _xRendimiento. _9175577 |
| 650 | 1 | 4 |
_aProbióticos _xAlimentación animal. _991694 |
| 901 | _aBK | ||
| 942 | _cTESIS | ||
| 942 | _n0 | ||
| 999 |
_c106250 _d106250 |
||